Las esferas invisibles /

El terror gótico no solo se desparrama como niebla por las calles de Londres o los pueblos estadounidenses: también en nuestra provincia, en un tiempo en que todavía no existía la separación entre ciudad y provincia de Buenos Aires, pueden hallarse sucesos terroríficos e inexplicables. Diego Muzzio...

Descripción completa

Guardado en:
Autor Principal: Muzzio, Diego.
Formato: Libro
Idioma:Undetermined
Publicado: Buenos Aires : Entropía, 2023.
Edición:1a ed.
Series:Identidades bonaerenses
Nouvelles
Materias:
Etiquetas: Agregar Etiqueta
Sin Etiquetas, Sea el primero en etiquetar este registro!
LEADER 02018nam a22002895a 4500
001 CEM.cems024821
008 250718s2023####ag############000#0#und#d
005 20250818121230.0
245 1 0 |a Las esferas invisibles /  |c Diego Muzzio. 
250 |a 1a ed. 
260 |a Buenos Aires :  |b Entropía,  |c 2023. 
300 |a 216 p. 
490 1 |a Identidades bonaerenses 
490 1 |a Nouvelles 
500 |a Edición especial de la Dirección de Cultura y Educación de la Provincia de Buenos Aires. 
500 |a A partir de ciclo orientado (Requiere acompañamiento docente). 
520 |a El terror gótico no solo se desparrama como niebla por las calles de Londres o los pueblos estadounidenses: también en nuestra provincia, en un tiempo en que todavía no existía la separación entre ciudad y provincia de Buenos Aires, pueden hallarse sucesos terroríficos e inexplicables. Diego Muzzio entrelaza con magistral estilo tres nouvelles. El intercesor se ubica en los fortines, entre la pampa rosista y la pampa indígena. El ataúd de ébano nos muestra los barrios marginales de Buenos Aires, donde medra la fiebre amarilla. La ruta de la mangosta construye una cuña para volver inestable la relación entre la imaginería sobre la muerte y el padecimiento de la eternidad. Tres novelas cortas en las que personajes misteriosos se ven atrapados en una historia que no es del todo la de ellos, allá por 1870, y tienen que enfrentarse a la fiebre amarilla y a la guerra. ¿Se salvarán? ¿Quedarán marcados para siempre? 
020 |a 9789871768790 
100 1 |a Muzzio, Diego. 
653 |a Narrativa argentina 
653 |a Literatura argentina 
653 |a Nouvelle argentina 
653 |a Identidades bonaerenses 
859 |a CEMS  |b BIB. CEMS - Agricultura  |h A868.4  |i M989  |p A3905.25  |t Ej.1 
859 |a CEMS  |b BIB. CEMS - Ccias. Educacion  |h A868.4  |i M989  |k CE  |p 30371.25  |t Ej.1 
859 |a CEMS  |b BIB. CEMS - 11 de abril  |h A868.4  |i M989  |p 30369.25  |t Ej.1 
859 |a CEMS  |b BIB. CEMS - 11 de abril  |h A868.4  |i M989  |p 30370.25  |t Ej.2